| 000 | 00668nam a22002057a 4500 | ||
|---|---|---|---|
| 999 |
_c14894 _d14894 |
||
| 003 | AR-CdUCM | ||
| 008 | 190425b ||||| |||| 00| 0 spa d | ||
| 020 | _a978-607-404-822-3 | ||
| 040 |
_aMUNICIPALIDAD PROVINCIAL DEL CUSCO _cBIBLIOTECA MUNICIPAL DEL CUSCO |
||
| 082 |
_aPI / 803 / _bK74 |
||
| 100 |
_aKontio, Toni _933855 |
||
| 245 |
_aAngry birds : _bAventuras navideñas / |
||
| 260 |
_aMéxico : _bSilver dolphin, _c2012. |
||
| 300 |
_a34 páginas ; _bIlustraciones, _c21 cm. |
||
| 650 |
_aLiteratura infantil _9588 |
||
| 650 |
_aCuento infantil _93319 |
||
| 700 |
_aCaballero, Samantha (traducción) _924667 |
||
| 942 |
_2ddc _cLIBROS |
||
| 945 |
_aacv _d2019-04-25 |
||